| 000 | 00421nam a2200157 i 4500 | ||
|---|---|---|---|
| 001 | 80543 | ||
| 003 | ES-MaACL | ||
| 005 | 20230906174235.0 | ||
| 007 | t| | ||
| 008 | 041028s1914 gw ||||1| ger d | ||
| 100 | 1 |
_aHölder, Otto. _964000 |
|
| 245 | 1 | 4 |
_aDie arithmetik in stranger Begründung / _cOtto Hoelder. |
| 260 |
_aLeipzig : _bB.G. Tenbner, _c1914. |
||
| 300 |
_a74 p. ; _c20 cm. |
||
| 852 |
_aES-MaACL _j1654-F-13 |
||
| 999 |
_c80543 _d80543 |
||